[Event "XXVIII Open"]
[Site "Zalakaros HUN"]
[Date "2009.05.12"]
[Round "5"]
[White "Nemeth,D"]
[Black "Bereczki,J"]
[Result "0-1"]
[WhiteElo "2132"]
[BlackElo "2191"]

1.d4 d5 2.c4 c6 3.Nf3 Nf6 4.Nc3 e6 5.e3 Bd6 6.Bd3 O-O 7.O-O Nbd7 8.e4 dxe4
9.Nxe4 Nxe4 10.Bxe4 Nf6 11.Bc2 b6 12.Ne5 Bb7 13.Bg5 Be7 14.Qd3 g6 15.Rad1 Nd7
16.Bxe7 Qxe7 17.Nxd7 Qxd7 18.c5 Rfd8 19.b4 a5 20.Qc3 axb4 21.Qxb4 Rxa2 22.Bb3 Raa8
23.cxb6 Ba6 24.Rfe1 Bb5 25.Re5 Rab8 26.Qc5 Qb7 27.Rde1 Qxb6 28.Qe7 Re8 29.Qh4 Qd8
30.Qf4 Kg7 31.R1e3 Qf6 32.Qg4 Kg8 33.h4 Ba6 34.h5 Rb5 35.hxg6 hxg6 36.Ba4 Rb1+
37.Kh2 Qxf2 38.Bxc6 Rc8 39.d5 Kg7 40.dxe6 Rh8+ 41.Rh3 Rxh3+ 42.Qxh3 Qf4+
43.Qg3 Rh1+ 44.Kxh1 Qxg3 45.e7 Qxe5 46.e8=Q Qxe8 47.Bxe8 Bb7 48.Kh2 f5 49.Kg3 Kf6
50.Kf2 g5 51.g3 Ke5 52.Bb5 Bd5 53.Bd3 Be4 54.Be2 Kd4 55.Bb5 Bc2 56.Bc6 Ke5
57.Bb5 Kf6 58.Bc4 Kg6 59.Bd5 Bd1 60.Bc4 Kh5 61.Bf7+ Kg4 62.Be6 Bc2 63.Bd7 Be4
64.Be6 Kh3 65.Bf7 Kh2 66.Bg6 g4 67.Bh7 Bc2 68.Bg8 f4 69.Bd5 fxg3+ 70.Kf1 Bd3+  0-1

[Event "Young Stars of the World"]
[Site "Kirishi RUS"]
[Date "2009.05.13"]
[Round "5"]
[White "Ipatov,A ESP"]
[Black "Ganichev,Alex"]
[Result "1-0"]
[WhiteElo "2486"]
[BlackElo "2154"]

1.d4 d5 2.c4 e6 3.Nc3 c6 4.e3 Nf6 5.Nf3 Nbd7 6.Qc2 Bd6 7.b3 O-O 8.Be2 dxc4
9.bxc4 Qe7 10.O-O e5 11.Rb1 Re8 12.Rd1 e4 13.Nd2 Nf8 14.c5 Bc7 15.Nc4 Ng4
16.h3 Nh6 17.Ba3 Qh4 18.Nd6 Bxd6 19.cxd6 b6 20.Bf1 f5 21.Bc4+ Kh8 22.Ne2 Ng6
23.d5 c5 24.Bb5 Rd8 25.Bc6 Rb8 26.Qa4 f4 27.d7 f3 28.Ng3 fxg2 29.dxc8=Q Rbxc8
30.Kxg2 Qg5 31.Qxe4 Nh4+ 32.Kh2 Rf8 33.f4  1-0

[Event "Mitropa Cup"]
[Site "Rogaska Slatina SLO"]
[Date "2009.05.13"]
[Round "5"]
[White "Cossin,S"]
[Black "Pavasovic,D"]
[Result "1/2-1/2"]
[WhiteElo "2471"]
[BlackElo "2607"]

1.d4 d5 2.c4 e6 3.Nc3 c6 4.e3 Nf6 5.Nf3 Nbd7 6.Qc2 Bd6 7.g4 h6 8.Bd2 dxc4
9.Bxc4 b5 10.Be2 Bb7 11.e4 b4 12.e5 bxc3 13.bxc3 Bc7 14.exf6 Nxf6 15.Rg1 c5
16.Qa4+ Kf8 17.dxc5 Qd7 18.Qa3 Bd5 19.c4 Bc6 20.Bc3 Ne4 21.Ne5 Bxe5 22.Bxe5 Qd2+
23.Kf1 Qg5 24.Bd6+ Kg8 25.f3 Qf6 26.Rc1 h5 27.g5 Nxg5 28.Qc3 Qf5 29.h4 Qh3+
30.Ke1 Qxh4+ 31.Bg3 Qh3 32.Be5 Qh4+ 33.Bg3 Qh3 34.Be5 Qh4+  1/2-1/2

[Event "ch-ESP Universities"]
[Site "La Pineda de Vila-Seca ESP"]
[Date "2009.05.14"]
[Round "8"]
[White "Fidalgo Fernandez,J"]
[Black "Ibarra Jerez,JC"]
[Result "0-1"]
[WhiteElo "2285"]
[BlackElo "2514"]

1.d4 Nf6 2.Nf3 d5 3.c4 e6 4.Nc3 c6 5.e3 a6 6.Qc2 c5 7.dxc5 Bxc5 8.a3 Nc6
9.b4 Ba7 10.Be2 O-O 11.O-O dxc4 12.Bxc4 b5 13.Bd3 Bb7 14.Bb2 Rc8 15.Rac1 Qe7
16.Rfd1 h6 17.Qb1 Nd7 18.Ne4 f5 19.Ng3 Bb8 20.Nh5 Nce5 21.Nxe5 Nxe5 22.Nf4 Qg5
23.Bf1 Nf3+ 24.Kh1 Bxf4 25.Rd7 Be5 26.Bxe5 Nxe5 27.Rxb7 Ng4 28.f3 Nf2+  0-1

[Event "Mitropa Cup"]
[Site "Rogaska Slatina SLO"]
[Date "2009.05.14"]
[Round "6"]
[White "Lenic,L"]
[Black "Krejci,Jan2"]
[Result "1/2-1/2"]
[WhiteElo "2574"]
[BlackElo "2430"]

1.d4 d5 2.c4 c6 3.Nf3 Nf6 4.e3 e6 5.Nc3 Nbd7 6.Qc2 Bd6 7.b3 O-O 8.Be2 b6
9.O-O Bb7 10.Bb2 Re8 11.Rad1 Qe7 12.Rfe1 Rad8 13.Bd3 h6 14.e4 dxe4 15.Nxe4 Nxe4
16.Bxe4 Nf6 17.Bd3 Qf8 18.Qe2 Bb4 19.Rf1 Ba3 20.Ba1 Qe7 21.Ne5 c5 22.Bb1 cxd4
23.Bxd4 Bc5 24.Bb2 Ba8 25.Ng4 Nxg4 26.Qxg4 Qg5 27.Qxg5 hxg5 28.Bc3 a5 29.h3 Bc6
30.Rfe1 Bb4 31.Rc1 f5 32.Kf1  1/2-1/2

[Event "82nd ch-St Petersburg"]
[Site "St Petersburg RUS"]
[Date "2009.05.14"]
[Round "7"]
[White "Ivanov,Sergey1"]
[Black "Popov,Val"]
[Result "0-1"]
[WhiteElo "2551"]
[BlackElo "2570"]

1.d4 d5 2.c4 e6 3.Nc3 c6 4.e3 Nf6 5.Nf3 Nbd7 6.Bd3 dxc4 7.Bxc4 b5 8.Bd3 Bb7
9.O-O a6 10.a4 b4 11.Ne4 c5 12.Nxf6+ Qxf6 13.Re1 h6 14.a5 Bd6 15.e4 cxd4
16.Qa4 e5 17.Bd2 Qe7 18.Nxd4 exd4 19.e5 Bc5 20.Bc4 O-O-O 21.e6 Nf6 22.Bxa6 Bxa6
23.Qc6+ Kb8 24.Qxa6 Bd6 25.Rac1 Qb7 26.Qd3 fxe6 27.Rxe6 Ka8 28.Bxb4 Qxb4
29.Rc6 Nd5 30.Qa6+ Kb8 31.Rcxd6 Rxd6 32.Rxd6 Qe1+ 33.Qf1 Qxa5 34.g3 Rf8 35.Qe2 Rd8
36.Ra6 Qb4 37.Qe5+ Nc7 38.Rc6 Rd7 39.Qf5 Re7 40.Qf8+ Kb7 41.Qf3 Qe1+ 42.Kg2 Qe4
43.Rc5 Kb6 44.b4 d3 45.Rc3 Qxf3+ 46.Kxf3 Rd7  0-1

[Event "8th Asian Continental Women"]
[Site "Subic Bay PHI"]
[Date "2009.05.14"]
[Round "2"]
[White "Li Panru"]
[Black "Nguyen Thi Mai Hung"]
[Result "0-1"]
[WhiteElo "2146"]
[BlackElo "2295"]

1.d4 d5 2.c4 e6 3.Nc3 c6 4.e3 Nf6 5.Nf3 Bd6 6.Bd3 Nbd7 7.O-O O-O 8.e4 dxe4
9.Nxe4 Nxe4 10.Bxe4 h6 11.Re1 Nf6 12.Bc2 c5 13.Be3 b6 14.Qe2 Qc7 15.dxc5 Bxc5
16.Bd4 Bxd4 17.Nxd4 Ba6 18.b3 Rfd8 19.Rad1 Rd6 20.Nf3 Rad8 21.Ne5 Bb7 22.Rxd6 Rxd6
23.Rd1 Qd8 24.f3 Rxd1+ 25.Qxd1 Qxd1+ 26.Bxd1 Ne8 27.b4 f6 28.Nd3 Kf7 29.Kf2 Ke7
30.Bb3 e5 31.a4 e4 32.fxe4 Bxe4 33.Nf4 g5 34.Ne2 Kd6 35.Nc3 Bc6 36.g3 Ke5
37.Ke3 f5 38.Ne2 Nf6 39.h3 Ne4 40.Bc2 Nxg3 41.Nxg3 f4+ 42.Kf2 fxg3+ 43.Kxg3 Bd7
44.h4 Kd4 45.c5 bxc5 46.b5 c4 47.hxg5 hxg5 48.a5 Bxb5 49.Kg4 Kc3 50.Bf5 Kd2  0-1

[Event "8th Asian Continental Open"]
[Site "Subic Bay PHI"]
[Date "2009.05.14"]
[Round "2"]
[White "Hassan,Ab"]
[Black "Nolte,R"]
[Result "1/2-1/2"]
[WhiteElo "2322"]
[BlackElo "2479"]

1.d4 d5 2.Nf3 Nf6 3.c4 c6 4.e3 e6 5.Nc3 Nbd7 6.Bd3 dxc4 7.Bxc4 b5 8.Bd3 Bb7
9.O-O a6 10.a3 c5 11.Bd2 Bd6 12.Rc1 O-O 13.Qe2 Qe7 14.Ng5 c4 15.Bb1 h6 16.Nf3 e5
17.Nxe5 Nxe5 18.dxe5 Qxe5 19.f4 Qc5 20.Kh1 Rfe8 21.e4 Qc6 22.e5 Bc5 23.Qf3 Qxf3
24.gxf3 Rad8 25.exf6 Rxd2 26.Be4 Bc8 27.Rc2 Rxc2 28.Bxc2 Bd4 29.fxg7 Kxg7
30.Be4 Bh3 31.Rd1 Bxc3 32.bxc3 f5 33.Bb7 a5 34.Bc6 Re3 35.Rc1 Re2 36.Rg1+ Kf6
37.Bxb5 Rc2 38.Bxc4 Rxc3 39.Bb5 Rxa3 40.Rg3 Ra1+ 41.Rg1 Ra2 42.Rg3 Ra1+ 43.Rg1 Rxg1+
44.Kxg1 h5 45.Kf2 h4 46.Ke3 Ke6 47.Kd4 Kd6 48.Ba4 Bg2 49.Bc2 Ke6 50.Bb3+ Kd6
51.Bc2 Bh3 52.Ba4 Bf1 53.Bc2 Bh3  1/2-1/2

[Event "8th Asian Continental Open"]
[Site "Subic Bay PHI"]
[Date "2009.05.14"]
[Round "2"]
[White "Kazhgaleyev,M"]
[Black "Zhang Ziyang"]
[Result "1/2-1/2"]
[WhiteElo "2626"]
[BlackElo "2419"]

1.d4 d5 2.c4 c6 3.Nf3 Nf6 4.Nc3 e6 5.e3 a6 6.c5 b6 7.cxb6 Nbd7 8.Bd3 c5 9.b3 Nxb6
10.Ba3 cxd4 11.Bxf8 dxc3 12.Bb4 d4 13.Nxd4 Nbd5 14.Ba3 e5 15.Nc2 Bb7 16.O-O Ne7
17.Bc4 Qc7 18.Qd6 Qxd6 19.Bxd6 Nc6 20.f4 exf4 21.Rad1 Ne4 22.Ba3 Ne5 23.Be2 f3
24.Bxf3 Nxf3+ 25.Rxf3 f6 26.Rff1 Nd2 27.Rf4 Rd8 28.Rd4 Kf7 29.Bb4 Rxd4 30.Nxd4 Ne4
31.Ne2 Bc6 32.Nxc3 Nxc3 33.Bxc3 Rc8 34.Rc1 Be4 35.Kf2 Ke6 36.g3 Kf5 37.h3 h5
38.b4 g5 39.a4 Bd3 40.Ke1 Ke4 41.Kd2 f5 42.Ra1 Rc6 43.Re1  1/2-1/2

[Event "Limpedea Cup"]
[Site "Baia Sprie ROM"]
[Date "2009.05.15"]
[Round "5"]
[White "Manolache,M"]
[Black "Szabo,At1"]
[Result "1-0"]
[WhiteElo "2495"]
[BlackElo "2284"]

1.d4 d5 2.c4 e6 3.Nc3 c6 4.e3 Nf6 5.Nf3 Nbd7 6.b3 Bd6 7.Qc2 O-O 8.Be2 b6
9.O-O Bb7 10.Rd1 Qc7 11.Bb2 dxc4 12.bxc4 e5 13.c5 bxc5 14.dxe5 Nxe5 15.Ng5 Ng6
16.g3 Rad8 17.Na4 Be5 18.Rxd8 Rxd8 19.Nxc5 Bc8 20.Bc4 Rf8 21.Rc1 Bxb2 22.Qxb2 Ne5
23.Be2 h6 24.Nf3 Re8 25.Nb3 Nfd7 26.Nfd4 c5 27.f4 Qb6 28.fxe5 cxd4 29.Qxd4 Nxe5
30.Rxc8 Rxc8 31.Qxe5 Qc6 32.Nd4 Qc3 33.Kf2 a5 34.a4 Rd8 35.h4 f6 36.Qe6+ Kh8
37.Qe7 Qc8 38.Bd3 Re8 39.Qf7 Re5 40.g4 Rc5 41.Ne6  1-0

[Event "TCh-ISR 2008-9"]
[Site "Israel ISR"]
[Date "2009.05.15"]
[Round "9"]
[White "Kantarji,P"]
[Black "Huzman,A"]
[Result "0-1"]
[WhiteElo "2362"]
[BlackElo "2590"]

1.d4 Nf6 2.Nf3 e6 3.c4 d5 4.Nc3 c6 5.e3 Nbd7 6.Bd3 dxc4 7.Bxc4 b5 8.Bd3 Bb7
9.O-O a6 10.a4 b4 11.Ne4 c5 12.Nxc5 Bxc5 13.dxc5 Nxc5 14.Bc4 O-O 15.Qe2 Qc7
16.Nd4 e5 17.Nf3 Nfe4 18.Bd2 a5 19.Rfc1 Qe7 20.Be1 Nd6 21.Nd2 Nxc4 22.Qxc4 Rfc8
23.Qb5 e4 24.b3 h6 25.Ra2 Nd3 26.Rxc8+ Rxc8 27.Ra1 Rc5 28.Qb6 Bd5 29.Rb1 Kh7
30.Nf1 Qc7 31.Qa6 Nxe1 32.Rxe1 Bxb3 33.h3 Bc2 34.Ng3 b3  0-1

[Event "Mitropa Cup"]
[Site "Rogaska Slatina SLO"]
[Date "2009.05.15"]
[Round "7"]
[White "Cossin,S"]
[Black "Gustafsson,J"]
[Result "1/2-1/2"]
[WhiteElo "2471"]
[BlackElo "2631"]

1.d4 d5 2.c4 e6 3.Nc3 c6 4.e3 Nf6 5.Nf3 Nbd7 6.Qc2 Bd6 7.Bd2 O-O 8.O-O-O c5
9.Kb1 a6 10.cxd5 exd5 11.Ng5 h6 12.h4 Nb6 13.f3 Bd7 14.g4 Rc8 15.Bd3 cxd4
16.exd4 Nc4 17.Bxc4 Rxc4 18.Qd3 Bc6 19.Nh3 Ne8 20.Nf4 Qf6 21.Nfxd5 Qxd4 22.Be3 Qxd3+
23.Rxd3 Bxd5 24.Rxd5 Bb4 25.Ne4 Nc7 26.Rd7 f5 27.gxf5 Rxf5 28.Rg1 Rf7 29.Rxf7 Kxf7
30.Bf4 Ne6 31.Be5 Be7 32.h5 Ng5 33.Nxg5+ Bxg5 34.Rd1 g6 35.b3 Rb4 36.f4 Bxf4
37.Bxf4 Rxf4 38.Rd7+ Kf6 39.Rd6+ Kg5 40.hxg6 Rf8 41.Kc1 h5 42.Kd1 h4 43.g7 Rg8
44.Rd5+ Kg4 45.Rd4+ Kg5 46.Rd5+ Kg4 47.Rd4+ Kg3 48.Rd3+ Kg2 49.Rd2+ Kg1 50.Rd4 h3
51.Rg4+ Kf2 52.Rg6 h2 53.Rh6 Kg2 54.Rg6+ Kf3 55.Rh6 Kg2 56.Rg6+ Kf3 57.Rh6 Kg2
58.Rg6+ Kf3  1/2-1/2

[Event "8th Asian Continental Women"]
[Site "Subic Bay PHI"]
[Date "2009.05.15"]
[Round "3"]
[White "Perena,C"]
[Black "Lkhamsuren,U"]
[Result "1/2-1/2"]
[WhiteElo "2184"]
[BlackElo "2038"]

1.d4 d5 2.c4 c6 3.Nf3 Nf6 4.Nc3 e6 5.e3 Nbd7 6.Bd3 dxc4 7.Bxc4 b5 8.Be2 Bb7
9.O-O a6 10.e4 c5 11.e5 cxd4 12.Qxd4 Bc5 13.Qf4 Nd5 14.Nxd5 Bxd5 15.Ng5 O-O
16.Bd3 f5 17.exf6 Nxf6 18.Be3 Be7 19.Rfd1 Qe8 20.Qe5 Qh5 21.Qg3 Rad8 22.Bd4 Bd6
23.f4 Ng4 24.Nh3 Nf6 25.Ng5 Rd7 26.Rf1 h6 27.Nh3 Ne4 28.Qe3 Nf6 29.b3 Qg4
30.Rf2 Nh5 31.Be2 Qg6 32.Bd3 Qg4 33.Be2 Qh4 34.Raf1 Nf6 35.f5 exf5 36.Rxf5 Re8
37.Bxf6 Rxe3 38.Bxh4 Bc5 39.Bxb5 axb5 40.Bf2 Re2 41.Nf4 Bxf2+ 42.Rxf2 Re1+
43.Rf1 Rxf1+ 44.Kxf1 Be4 45.Re5 Bb1 46.Ke1 Ra7 47.Rxb5 Rxa2 48.h4 Be4 49.g3 Rb2
50.Re5 Bc2 51.Kd2 Bxb3+ 52.Kc3 Rb1 53.Rb5 Ba2 54.Ra5 Rb3+ 55.Kd4 Bb1 56.Ra8+ Kh7
57.Ne2 Rd3+ 58.Kc5 Re3 59.Rb8 Bc2 60.Nd4 Rxg3 61.Nxc2 Rc3+ 62.Kd4 Rxc2 63.Rb4 Re2
64.Kd3 Re6 65.Rg4 h5 66.Rg5 Kh6 67.Rg1 Re5 68.Rg2 Re1 69.Rb2 Kg6 70.Rg2+ Kf6
71.Rf2+ Kg6 72.Rg2+ Kh6 73.Rh2 g5 74.hxg5+ Kxg5 75.Re2 Rf1 76.Rg2+ Kh4 77.Ke2 Ra1
78.Kf3 Ra3+ 79.Kf2 Kh3 80.Rg7 h4 81.Rh7 Rg3 82.Rh8 Rg4 83.Kf3 Ra4 84.Kf2 Kh2
85.Rh7 Rf4+ 86.Ke3 Ra4 87.Kf2  1/2-1/2

[Event "8th Asian Continental Open"]
[Site "Subic Bay PHI"]
[Date "2009.05.15"]
[Round "3"]
[White "Wang Rui"]
[Black "Nguyen Hoang Nam1"]
[Result "1-0"]
[WhiteElo "2434"]
[BlackElo "2281"]

1.d4 d5 2.c4 c6 3.Nc3 Nf6 4.e3 e6 5.Nf3 Nbd7 6.Qc2 Bd6 7.g4 Bb4 8.Bd2 b6
9.cxd5 cxd5 10.g5 Bxc3 11.Bxc3 Ne4 12.Bb4 a5 13.Ba3 Ba6 14.Bxa6 Rxa6 15.Qe2 Ra7
16.Nd2 Qxg5 17.Rc1 Ra8 18.Nxe4 dxe4 19.Qc2 Rd8 20.Qxe4 h5 21.h4 Qg4 22.Qb7 f6
23.Rc8 Kf7 24.Rxd8 Rxd8 25.Qc7 Qg2 26.Rf1 Qa8 27.Qd6 Nc5 28.Qxb6 Nd3+ 29.Ke2 Nf4+
30.Kd2 Nd5 31.Qb3 a4 32.Qd3 Rc8 33.Bc5 Qa5+ 34.Ke2 f5 35.Rc1 Qd8 36.Qa6 Rb8
37.Ba3 Rb6 38.Qa7+ Kf6 39.Rg1 g6 40.Qh7 Qe8 41.Bf8 Rxb2+ 42.Kf3 Rb7 43.Qh8+  1-0

[Event "8th Asian Continental Women"]
[Site "Subic Bay PHI"]
[Date "2009.05.15"]
[Round "3"]
[White "Guo Qi"]
[Black "Khademalsharieh,S"]
[Result "1-0"]
[WhiteElo "2147"]
[BlackElo "1806"]

1.d4 Nf6 2.c4 e6 3.Nf3 d5 4.Nc3 c6 5.e3 Nbd7 6.Qc2 Bd6 7.b3 O-O 8.Bd3 b6
9.O-O Bb7 10.Bb2 Rc8 11.Rad1 c5 12.cxd5 exd5 13.Bf5 Qe7 14.Rfe1 Rfe8 15.dxc5 Bxc5
16.Qd3 Rcd8 17.Ne2 h6 18.Ng3 Bd6 19.Bxd7 Rxd7 20.Nf5 Qe6 21.N3d4 Qe5 22.Nxd6 Qxd6
23.Nf5 Qe6 24.Rc1 Red8 25.Bd4 Ne8 26.f3 Qg6 27.Rc3 Rc8 28.Rec1 Rxc3 29.Rxc3 Kh7
30.Qc2 Ba6 31.Rc6 f6 32.a4 Bb7 33.Rc3 Ba6 34.Kf2 Bb7 35.b4 Rf7 36.g4 Rd7
37.b5 Kh8 38.a5 bxa5 39.Qa4 h5 40.h3 hxg4 41.hxg4 Qh7 42.Kg2 g6 43.Rc1 Qg8
44.Ng3 Rh7 45.Qxa5 Qe6 46.Qxa7 Kg8 47.Qb8 f5 48.gxf5 gxf5 49.Qf4 Nd6 50.Qg5+ Kf7
51.Rc7+  1-0

[Event "27th Liechtenstein Open"]
[Site "Triesen LIE"]
[Date "2009.05.15"]
[Round "1"]
[White "Peredy,F"]
[Black "Kessler,L"]
[Result "1-0"]
[WhiteElo "2234"]
[BlackElo "1931"]

1.d4 d5 2.c4 c6 3.Nc3 Nf6 4.Nf3 e6 5.e3 Nbd7 6.Bd3 Be7 7.O-O O-O 8.e4 dxe4
9.Nxe4 Nxe4 10.Bxe4 Nf6 11.Bc2 b6 12.Re1 Bb7 13.Qd3 Qc7 14.Bg5 g6 15.Rad1 Rac8
16.Ne5 c5 17.Qh3 Rfe8 18.Ba4 Nh5 19.Bh6 Bf8 20.Bxe8 Bxh6 21.Bxf7+ Kg7 22.Bxe6 Nf4
23.Qg4 Re8 24.d5  1-0

[Event "82nd ch-St Petersburg"]
[Site "St Petersburg RUS"]
[Date "2009.05.16"]
[Round "9"]
[White "Smirnov,Arte"]
[Black "Goganov,A"]
[Result "1/2-1/2"]
[WhiteElo "2454"]
[BlackElo "2462"]

1.d4 d5 2.c4 c6 3.Nf3 Nf6 4.Nc3 e6 5.e3 Nbd7 6.Bd3 dxc4 7.Bxc4 b5 8.Bd3 Bb7
9.a3 b4 10.Ne4 Nxe4 11.Bxe4 bxa3 12.O-O axb2 13.Bxb2 Bb4 14.Qa4 a5 15.Ba3 Qb6
16.Rab1 O-O 17.Bxb4 axb4 18.Qxb4 Qxb4 19.Rxb4 Ra7 20.Rc1 Rc8 21.Nd2 Kf8 22.h4 h6
23.Rbc4 Ra6 24.h5 Ke7 25.Bf3 Rb6 26.R4c2 Ra8 27.g4 Rc8 28.Kg2 Ra6 29.Kg3 Ba8
30.Rc3 Ra2 31.Ne4 Ra5 32.R1c2 e5 33.Nd2 exd4 34.exd4 Ra4 35.Nc4 Rd8 36.Ne3 Kf8
37.Rc4 Rxc4 38.Rxc4 c5 39.d5 g6 40.Rc2 Kg7 41.Nc4 Rb8 42.hxg6 Rb3 43.Na5 Ra3
44.Nc6 Nf6 45.gxf7 Kxf7 46.Kg2 Ra4 47.Re2 Nxg4 48.Re7+ Kf6 49.Re6+ Kf7 50.Kg3 h5
51.Nd8+ Kf8 52.Rb6 Ne5 53.Bg2 Rg4+ 54.Kh2 Rxg2+ 55.Kxg2 Bxd5+ 56.Kg3 Ke7
57.Nb7 Nd7 58.Rb1 c4 59.Re1+ Kf6 60.Nd6 Nc5 61.Ne8+ Kf5 62.Nd6+ Kf6 63.Nb5 Ne4+
64.Kh4 Kf5 65.Rd1 Ke5 66.f4+ Kxf4 67.Rxd5 c3 68.Nd4 Ke3 69.Nc2+ Ke2 70.Rd8 Nd2
71.Kg3 h4+ 72.Kxh4 Kd1 73.Ne3+ Ke2 74.Re8 Kd3 75.Ng2 Nf3+ 76.Kg3 Nd4 77.Nf4+ Kd2
78.Rd8 Ke3 79.Nd5+ Kd3 80.Nf4+ Ke3 81.Re8+ Kd2 82.Rd8  1/2-1/2

[Event "8th Asian Continental Women"]
[Site "Subic Bay PHI"]
[Date "2009.05.16"]
[Round "4"]
[White "Le Thanh Tu"]
[Black "Swathi,G"]
[Result "1/2-1/2"]
[WhiteElo "2326"]
[BlackElo "2330"]

1.d4 d5 2.c4 c6 3.Nf3 Nf6 4.Nc3 e6 5.e3 Nbd7 6.Qc2 Bd6 7.b3 b6 8.Be2 Bb7
9.O-O O-O 10.e4 Nxe4 11.Nxe4 dxe4 12.Qxe4 Nf6 13.Qc2 c5 14.dxc5 Bxc5 15.Bg5 h6
16.Rad1 Qe7 17.Bh4 Rfd8 18.Ne5 g5 19.Bg3 Ne4 20.Bh5 f5 21.Ng6 Qf7 22.Qb2 Qf6
23.Rxd8+ Rxd8 24.Be5 Qf7 25.Bd6 Qf6 26.Be5 Qf7 27.Bd6 Qf6 28.Be5 Qf7 29.Bd6  1/2-1/2

[Event "CICC Open"]
[Site "Calgary CAN"]
[Date "2009.05.17"]
[Round "7"]
[White "Kovalyov,A"]
[Black "O'Donnell,T"]
[Result "1/2-1/2"]
[WhiteElo "2557"]
[BlackElo "2370"]

1.c4 e6 2.Nf3 Nf6 3.Nc3 d5 4.d4 c6 5.e3 Nbd7 6.Qc2 Bd6 7.b3 O-O 8.Be2 b6
9.O-O Bb7 10.Bb2 Rc8 11.Rfd1 Qe7 12.Rac1 Rfd8 13.Qb1 a6 14.a4 a5 15.Bd3 h6
16.cxd5 Nxd5 17.Ne4 Bb4 18.Qa1 f6 19.Rc2 c5 20.Rdc1 cxd4 21.Rxc8 Rxc8 22.Rxc8+ Bxc8
23.Nxd4 Bb7 24.Qc1 Nc5 25.Nxc5 Bxc5 26.Bc4 Kh8 27.Qd1 Nc7 28.Qg4 Qd7 29.h4 Bd5
30.Bd3 f5 31.Qg6 Kg8 32.Bc2 Ne8 33.g4 fxg4 34.e4 Bxd4 35.Bxd4 Bb7 36.Be5 Qf7
37.Qxg4 Nf6 38.Qg2 Nd7 39.Bd4 e5 40.Be3 Qf6 41.Qg4 Bc6 42.Bd3 Kh7 43.Bc4 Nc5
44.Bxc5 bxc5 45.Qc8 Qg6+ 46.Kh2 Qxe4 47.Qg8+ Kg6 48.Qf7+ Kh7 49.Qg8+ Kg6
50.Qf7+ Kh7 51.Qg8+  1/2-1/2

[Event "ch-Catalunya"]
[Site "Lleida ESP"]
[Date "2009.05.17"]
[Round "1.2"]
[White "Oms Pallisse,J"]
[Black "Fernandez Aguado,E"]
[Result "1-0"]
[WhiteElo "2522"]
[BlackElo "2328"]

1.d4 d5 2.c4 c6 3.Nf3 Nf6 4.Nc3 e6 5.e3 Nbd7 6.Qc2 Bd6 7.b3 O-O 8.Be2 b6
9.O-O Bb7 10.Bb2 Qe7 11.Rad1 Rac8 12.Rfe1 Rfe8 13.Bd3 e5 14.dxe5 Nxe5 15.Nxe5 Qxe5
16.g3 Qh5 17.Be2 Qh3 18.Bf1 Qh6 19.Bg2 Bc5 20.Qf5 dxc4 21.bxc4 Ba6 22.Bf1 Re5
23.Qf3 Re6 24.Na4 Bb4 25.Bc3 c5 26.Bxb4 cxb4 27.Rd4 Qg5 28.Bh3 Qa5 29.Bxe6 fxe6
30.Qd1 Bxc4 31.Rd8+ Rxd8 32.Qxd8+ Kf7 33.Qc7+ Kg6 34.Qxc4 Qxa4 35.Qxe6 Qc2
36.e4 Qd2 37.Re3 h5 38.Kg2 b5 39.Rf3 Qe2 40.Rf4 Kh7 41.Qf5+ Kg8 42.e5 Ng4
43.Qf7+  1-0

[Event "Mitropa Cup"]
[Site "Rogaska Slatina SLO"]
[Date "2009.05.17"]
[Round "9"]
[White "Ragger,M"]
[Black "Pavasovic,D"]
[Result "1/2-1/2"]
[WhiteElo "2544"]
[BlackElo "2607"]

1.d4 d5 2.c4 e6 3.Nc3 c6 4.e3 Nf6 5.Nf3 Nbd7 6.Qc2 Bd6 7.e4 dxe4 8.Nxe4 Nxe4
9.Qxe4 c5 10.Bg5 Be7 11.Bxe7 Qa5+ 12.Ke2 Kxe7 13.g3 cxd4 14.Bg2 Nf6 15.Qxd4 Rd8
16.Qf4 Bd7 17.Ne5 Ba4 18.b3 Rd2+ 19.Qxd2 Qxe5+ 20.Qe3 Qb2+ 21.Qd2 Qe5+ 22.Qe3 Qb2+  1/2-1/2

[Event "Mitropa Cup"]
[Site "Rogaska Slatina SLO"]
[Date "2009.05.17"]
[Round "9"]
[White "Caruana,F"]
[Black "Gustafsson,J"]
[Result "1-0"]
[WhiteElo "2649"]
[BlackElo "2631"]

1.d4 d5 2.c4 c6 3.Nc3 Nf6 4.e3 e6 5.Nf3 Nbd7 6.Qc2 Bd6 7.b3 O-O 8.Be2 b6
9.O-O Bb7 10.Bb2 Rc8 11.e4 Nxe4 12.Nxe4 dxe4 13.Qxe4 Nf6 14.Qh4 c5 15.Rad1 Ne4
16.Qh5 cxd4 17.Bxd4 Qe7 18.Bd3 f5 19.Bxe4 fxe4 20.Ne1 Rf5 21.Qg4 Bb8 22.Be3 Rf6
23.Bg5 Qc7 24.Qh4 Rg6 25.Be3 Rf8 26.g3 Qf7 27.Rd8 Bc7 28.Rxf8+ Qxf8 29.Ng2 e5
30.Rd1 Bd6 31.Rd2 Bc6 32.h3 h6 33.g4 Kh7 34.Qg3 Bb4 35.Rc2 Qf3 36.Kh2 Rd6
37.c5 Re6 38.cxb6 axb6 39.Bxb6 Qd1 40.Rc4 Be7 41.Be3 Qb1 42.g5 h5 43.Bc5 Bxc5
44.Rxc5 Qxa2 45.b4 Qb2 46.Qc3 Qxc3 47.Rxc3 Kg6 48.h4 Bb5 49.Ne3 Be2 50.Rc5 Kf7
51.Kg3 Ra6 52.Rxe5 Bd3 53.Ra5 Rb6 54.Ra7+ Kg6 55.Nd5 Rb5 56.Nf4+ Kf5 57.Ra5  1-0

[Event "8th Asian Continental Women"]
[Site "Subic Bay PHI"]
[Date "2009.05.17"]
[Round "5"]
[White "Nguyen Thi Mai Hung"]
[Black "Shamima,A"]
[Result "1-0"]
[WhiteElo "2295"]
[BlackElo "2125"]

1.d4 d5 2.c4 c6 3.Nf3 Nf6 4.e3 e6 5.Nc3 Nbd7 6.Bd3 dxc4 7.Bxc4 b5 8.Bd3 Bb7
9.O-O a6 10.e4 c5 11.e5 Nd5 12.Nxd5 Bxd5 13.Be3 Be7 14.Re1 Rc8 15.Bb1 O-O
16.Nd2 Qb6 17.Ne4 Qb7 18.Qg4 h5 19.Qf4 f5 20.exf6 Nxf6 21.Nxf6+ Bxf6 22.f3 Bxd4
23.Qg5 Qf7 24.Bxd4 cxd4 25.Bg6  1-0

[Event "8th Asian Continental Women"]
[Site "Subic Bay PHI"]
[Date "2009.05.17"]
[Round "5"]
[White "Guo Qi"]
[Black "Lkhamsuren,U"]
[Result "0-1"]
[WhiteElo "2147"]
[BlackElo "2038"]

1.d4 d5 2.c4 c6 3.Nf3 Nf6 4.Nc3 e6 5.e3 Nbd7 6.Qc2 Bd6 7.b3 O-O 8.Bd3 e5
9.cxd5 cxd5 10.dxe5 Nxe5 11.Nxe5 Bxe5 12.Bb2 Re8 13.O-O-O Bd7 14.Qd2 Rc8
15.Kb1 a5 16.Bc2 Qc7 17.Ne2 Bxb2 18.Kxb2 a4 19.Rc1 Qd6 20.h3 Ra8 21.Rhd1 axb3
22.Bxb3 Qa3+ 23.Kb1 Bf5+ 24.Rc2 Bxc2+ 25.Qxc2 Ra5 26.g4 Rc5 27.Qd3 Ne4 28.Qd4 Rec8
29.Bxd5 Rc2 30.Bxf7+ Kf8 31.Bb3 Nd2+ 32.Qxd2 Qb2+  0-1

[Event "Young Stars of the World"]
[Site "Kirishi RUS"]
[Date "2009.05.18"]
[Round "9"]
[White "Belous,V"]
[Black "Bukavshin,I"]
[Result "1/2-1/2"]
[WhiteElo "2414"]
[BlackElo "2365"]

1.d4 d5 2.c4 c6 3.Nc3 Nf6 4.e3 e6 5.Nf3 Nbd7 6.Qc2 Bd6 7.g4 h6 8.Bd2 dxc4
9.Bxc4 b5 10.Be2 Bb7 11.Rg1 Rc8 12.h4 b4 13.Ne4 Nxe4 14.Qxe4 Qb6 15.g5 c5
16.dxc5 Rxc5 17.Qd3 hxg5 18.Nxg5 Rxh4 19.e4 Rc7 20.Be3 Bc5 21.Bxc5 Nxc5 22.Qg3 Rh6
23.Rd1 Rg6 24.Qh2 Rh6 25.Qg3 Rg6 26.Qh2 Rh6  1/2-1/2

[Event "VI Moncada Open"]
[Site "Santiago de Cuba CUB"]
[Date "2009.05.18"]
[Round "3"]
[White "Proietti,G"]
[Black "Miranda,Y"]
[Result "1-0"]
[WhiteElo "1932"]
[BlackElo "2135"]

1.d4 d5 2.c4 c6 3.Nc3 Nf6 4.Nf3 e6 5.e3 Nbd7 6.Bd3 dxc4 7.Bxc4 b5 8.Bd3 Bb7
9.O-O a6 10.e4 c5 11.e5 cxd4 12.Nxb5 axb5 13.exf6 Qb6 14.a4 bxa4 15.Rxa4 e5
16.Nxe5 Nxe5 17.Re1 gxf6 18.f4 Rg8 19.Rxa8+ Bxa8 20.g3 Bb4 21.Bd2 Bd6 22.fxe5 fxe5
23.b4 Ke7 24.Qh5 Bd5 25.Qh4+ Kd7 26.Qxh7 Ra8 27.Bf5+ Kc7 28.Rc1+ Kb7 29.Be4 Bxe4
30.Qxe4+ Kb8 31.Qf5 Qb7 32.Qf6 Qd5 33.Qd8+ Kb7 34.Rc7+ Kb6 35.Rc8+ Ka7 36.Rxa8+ Qxa8
37.Qxd6  1-0

[Event "8th Asian Continental Open"]
[Site "Subic Bay PHI"]
[Date "2009.05.18"]
[Round "6"]
[White "Li Shilong"]
[Black "Pak,E"]
[Result "1-0"]
[WhiteElo "2557"]
[BlackElo "2328"]

1.d4 d5 2.c4 c6 3.Nf3 Nf6 4.Nc3 e6 5.e3 Nbd7 6.Bd3 dxc4 7.Bxc4 b5 8.Bd3 Bd6
9.O-O O-O 10.Qc2 Bb7 11.a3 a6 12.b4 a5 13.Rb1 axb4 14.axb4 Qe7 15.e4 e5 16.Ne2 Ra4
17.Ng3 g6 18.Bg5 Rxb4 19.Rxb4 Bxb4 20.Qc1 Bd6 21.Bh6 Kh8 22.Bxf8 Qxf8 23.Qa1 exd4
24.Qxd4 c5 25.Qb2 c4 26.Qxb5 Bxg3 27.Bxc4 Bxh2+ 28.Kxh2 Bxe4 29.Ng5 Qd6+
30.Kg1 Kg7 31.Nxf7 Qc7 32.Ng5 Qd6 33.Ne6+ Kh8 34.Ng5 Kg7 35.Nxe4 Nxe4 36.Qd5 Qxd5
37.Bxd5 Nef6 38.Be6 Nc5 39.Bc4 g5 40.f3 h5 41.Re1 Kg6 42.Re5 Ncd7 43.Bd3+ Kh6
44.Re7 g4 45.f4 h4 46.Rf7  1-0

[Event "ch-Catalunya"]
[Site "Lleida ESP"]
[Date "2009.05.19"]
[Round "2.2"]
[White "Oms Pallisse,J"]
[Black "Alsina Leal,D"]
[Result "1-0"]
[WhiteElo "2522"]
[BlackElo "2503"]

1.d4 d5 2.c4 c6 3.Nf3 Nf6 4.Nc3 e6 5.e3 Nbd7 6.Bd3 dxc4 7.Bxc4 b5 8.Bd3 a6
9.a4 b4 10.Ne4 c5 11.Nxf6+ Nxf6 12.dxc5 Bb7 13.O-O Bxc5 14.Qe2 Ne4 15.Rd1 Qc7
16.Bd2 O-O 17.Rac1 Qe7 18.Bxe4 Bxe4 19.Qc4 Bxf3 20.gxf3 Bd6 21.Be1 Rfd8 22.b3 h6
23.h3 Rd7 24.Kf1 Rad8 25.Qxa6 Qh4 26.Rc8 Rxc8 27.Qxc8+ Rd8 28.Qc6 Bf8 29.Rxd8 Qxd8
30.Ke2 Qf6 31.Qc2 Qa1 32.Bd2 g6 33.Qd1 Qb2 34.Kd3 h5 35.Qc2 Qa1 36.Qc1 Qe5
37.Qc4 Qa1 38.Qc1 Qe5 39.Ke2 h4 40.Qc4 Qb2 41.a5 Qa2 42.a6 Be7 43.Qc6 Kg7
44.Qa4  1-0

[Event "27th Liechtenstein Open"]
[Site "Triesen LIE"]
[Date "2009.05.19"]
[Round "5"]
[White "Peredy,F"]
[Black "Bruehl,A"]
[Result "1/2-1/2"]
[WhiteElo "2234"]
[BlackElo "2365"]

1.d4 d5 2.c4 c6 3.Nf3 Nf6 4.Nc3 e6 5.e3 Nbd7 6.Qc2 Bd6 7.Bd3 dxc4 8.Bxc4 e5
9.O-O O-O 10.h3 exd4 11.exd4 Nb6 12.Bb3  1/2-1/2